Estatutos de la Caja de Previsión Laboral del Servicio de Pompas Fúnebres de Barcelona Ciudad
Descripción Física:
110 p. ; 13 cm
MARC
| LEADER | 00000nam a2200000Ia 4500 | ||
|---|---|---|---|
| 001 | 11355 | ||
| 003 | BGR | ||
| 005 | 20260324180154.0 | ||
| 008 | 160829s1953 xx 000 0 cat d | ||
| 080 | |a M-3-394 | ||
| 110 | 1 | |a Barcelona (Catalunya). |b Ajuntament |9 50981 | |
| 245 | |a Estatutos de la Caja de Previsión Laboral del Servicio de Pompas Fúnebres de Barcelona Ciudad | ||
| 260 | |a Barcelona : |b (Imp. Casa Prov. de Caridad), |c 1953 | ||
| 300 | |a 110 p. ; |c 13 cm | ||
| 590 | |a Hi ha un duplicata a:, DUP-200 i a J-1488 | ||
| 650 | |a Barcelona. Servei Municipal de Pompes Fúnebres. Caja de Previsión Laboral |x Estatuts |9 48479 | ||
| 710 | |a Casa de Caritat (Barcelona, Catalunya) |9 52406 | ||
| 901 | |a Arxiu | ||
| 942 | |n 1 |2 udc |c MON | ||
| 952 | |0 0 |1 0 |4 0 |6 M3394 |7 1 |9 54583 |a Arxiu |b Arxiu |d 2016-12-01 |l 0 |o M-3-394 |p 11355 |r 2016-12-01 00:00:00 |w 2016-12-01 |y ARXIU | ||
| 999 | |c 58452 |d 58452 | ||